To Facilitate Research and Development Work by and on Behalf of the Army, Navy, and Air Force : hearings before the United States Senate Committee on Armed Services, Eighty-Second Congress, first session, on Sept. 25, 1951.

Considers (80) S. 1560, (82) H.R. 1180.

Bibliographic Details
Corporate Authors: United States. Congress. Senate. Committee on Armed Services, ProQuest (Firm)
Format: Government Document eBook
Language:English
Published: Washington : U.S. G.P.O., 1951.
Series:U.S. Congressional Hearings.
Subjects:
Online Access:Connect to the full text of this electronic book

MARC

Tag First Indicator Second Indicator Subfields
LEADER 00000cam a22000001a 4500
001 in00003174621
006 m d f
007 cr bn mmmapmmp
008 090617s1951 dcu o f000 0 eng d
005 20260504161629.5
035 |a cis2007421244 
040 |a UMI  |c UMI  |d UtOrBLW 
043 |a n-us--- 
086 0 |a Y 4.Ar 5/3:W 89 
099 |a HRG-1951-SAS-0015 
110 1 |a United States.  |b Congress.  |b Senate.  |b Committee on Armed Services. 
245 1 0 |a To Facilitate Research and Development Work by and on Behalf of the Army, Navy, and Air Force :  |b hearings before the United States Senate Committee on Armed Services, Eighty-Second Congress, first session, on Sept. 25, 1951. 
264 1 |a Washington :  |b U.S. G.P.O.,  |c 1951. 
300 |a 1 online resource. 
336 |a text  |b txt  |2 rdacontent 
337 |a computer  |b c  |2 rdamedia 
338 |a online resource  |b cr  |2 rdacarrier 
500 |a Record is based on bibliographic data in ProQuest Congressional Hearings Digital Collection. Reuse except for individual research requires license from ProQuest, LLC. 
520 |a Considers (80) S. 1560, (82) H.R. 1180. 
538 |a System requirements: PDF reader software. 
500 |a Electronic resource. 
650 0 |a Military research  |z United States. 
650 0 |a Research and development contracts, Government  |z United States. 
655 7 |a Electronic books.  |2 local 
710 2 |a ProQuest (Firm) 
776 0 8 |i Print version:  |a United States. Congress. Senate. Committee on Armed Services.  |t To Facilitate Research and Development Work by and on Behalf of the Army, Navy, and Air Force 
776 0 8 |i Microfiche version:  |a United States. Congress. Senate. Committee on Armed Services.  |t To Facilitate Research and Development Work by and on Behalf of the Army, Navy, and Air Force.  |d [Bethesda, Md.] : ProQuest,[2004]  |o CIS Hrgs MF Gp 3--(82) S999-4  |w (ProQuest)cis10504439 
830 0 |a U.S. Congressional Hearings. 
856 4 0 |u http://proxy.library.tamu.edu/login?url=https://congressional.proquest.com/congcomp/getdoc?HEARING-ID=HRG-1951-SAS-0015  |z Connect to the full text of this electronic book  |t 0 
998 |a cis10504439 
999 |a MARS 
999 f f |s c6a6bb74-9949-3957-a716-7f4cb1c7a025  |i 22037287-f104-30db-8326-67c917a9f3f2  |t 0 
952 f f |a Texas A&M University  |b College Station  |c Electronic Resources  |s www_evans  |d Available Online  |t 0  |e HRG-1951-SAS-0015  |h Other scheme 
998 f f |a HRG-1951-SAS-0015  |t 0  |l Available Online